| 000 | 00917nam a22002897a 4500 | ||
|---|---|---|---|
| 001 | 99 | ||
| 003 | FISKH | ||
| 005 | 20240108160255.0 | ||
| 008 | 230223b cb ||||| |||| 00| 0 eng d | ||
| 020 | _a9780439353625 | ||
| 040 |
_aDLC _cDLC _dDLC _dFISKH _bemg |
||
| 042 | _alcac | ||
| 050 | 0 | 0 |
_aPZ7.C5792 _bSo |
| 082 | 0 | 0 | _a813 |
| 100 | 1 | _aCleary, Beverly. | |
| 245 | 1 | 0 |
_aSocks / _cIllustrated by Beatrice Darwin. |
| 260 |
_aNew York, _bMorrow, _c1973. |
||
| 300 |
_a156 p. _billustrations. _c20 cm. |
||
| 520 | _aThe happy home life of Socks, the cat, is disrupted by the addition of a new baby to the household. | ||
| 521 | 8 |
_a890
_bLexile |
|
| 521 | 8 |
_aQ
_bRaz-Plus |
|
| 650 | 1 |
_aCats _xFiction. |
|
| 700 | 1 |
_aDarwin, Beatrice, _eillus. |
|
| 856 | 4 | 2 |
_3Publisher description _uhttp://www.loc.gov/catdir/description/hc043/72010298.html |
| 906 |
_a7 _bcbc _corignew _d1 _eocip _f19 _gy-gencatlg |
||
| 942 |
_2ddc _cBK _n0 |
||
| 999 |
_c99 _d99 |
||